| Поле | Инд. | ПП | Название | Значение |
|---|---|---|---|---|
| Тип записи | a | |||
| Библиографический уровень | m | |||
| 001 | Контрольный номер | RU/IS/BASE/264549234 | ||
| 005 | Дата корректировки | 20250411171111.7 | ||
| 008 | Кодируемые данные | 19980126 | ||
| 040 | 00 | e | Правила каталог. | Л 980126 |
| 084 | a | Индекс другой классификации/Индекс ББК | 84(2=411.2)52-5 | |
| 090 | 00 | a | Полочн. индекс | 84(2=411.2)52-5 |
| x | Авторский знак | Н 624 | ||
| 097 | 00 | a | 230 | |
| 100 | 10 | a | Автор | Никитин И. С. |
| q | Полное имя | Никитин Иван Саввич | ||
| 245 | 00 | a | Заглавие | Стихотворения и поэмы |
| c | Ответственность | вступительная статья О. Г. Ласунского | ||
| 260 | 00 | a | Место издания | Москва |
| b | Издательство | Художественная литература | ||
| c | Дата издания | 1974 | ||
| 300 | 00 | a | Объем | 336 с. |
| b | Иллюстрации/ тип воспроизводства | портр. | ||
| 336 | a | Термин вида содержания | Текст | |
| 337 | a | Термин типа средства | непосредственный | |
| 650 | 04 | a | Основная рубрика | художественная литература |
| 653 | 00 | a | Ключевые слова | XIX век |
| a | Ключевые слова | Россия | ||
| a | Ключевые слова | русская литература | ||
| 655 | 00 | a | Жанр/ форма (устаревшее) | поэзия |
| a | Жанр/ форма (устаревшее) | поэма | ||
| a | Жанр/ форма (устаревшее) | стихотворение | ||
| 700 | 10 | a | Автор | Ласунский О. Г. |
| e | Роль лиц | автор вступительной статьи | ||
| 901 | t | Тип документа | m | |
| 952 | a | Тип литературы для КСУ ВШ | ЛХИ |